Vista normal
Vista MARC
Entrada Corporate Name
Número de registros utilizados en: 2
001 - CONTROL NUMBER
- control field: 53079
003 - CONTROL NUMBER IDENTIFIER
- control field: OSt
005 - DATE AND TIME OF LATEST TRANSACTION
- control field: 20241126095026.0
008 - FIXED-LENGTH DATA ELEMENTS
- fixed length control field: 241126|| aca||aabn | a|a d
040 ## - CATALOGING SOURCE
- Original cataloging agency: OSt
- Transcribing agency: OSt
110 ## - HEADING--CORPORATE NAME
- Corporate name or jurisdiction name as entry element: Seminario Internacional "El mosaico de la memoria : experiencias locales no oficiales o parciales de búsqueda de la verdad histórica" ( 2006 : (Medellín, Colombia)
670 ## - SOURCE DATA FOUND
- Source citation: Work cat.: (OSt)48745: Seminario Internacional "El mosaico de la memoria : experiencias locales no oficiales o parciales de búsqueda de la verdad histórica" ( 2006 : (Medellín, Colombia), el Mosaico de la memoria :